Volcanes de Costa Rica (Registro nro. 355)
[ vista simple ]
| 000 -Cabecera | |
|---|---|
| Campo de control de longitud fija | 00757aam a2200313 4500 |
| 005 - Fecha y hora de la última transacción | |
| Campo de control | 20240507171232.0 |
| 008 - Elementos de longitud fija--Información general | |
| Campo de control de longitud fija | 150724b1976 xxu||||| |||| 00| 0 spa d |
| 041 ## - Idioma | |
| Código de idioma | Español |
| 082 ## - Clasificación Decimal Dewey | |
| Número de clasificación | 551.21 S164v |
| 100 ## - Entrada principal--Autor personal | |
| Nombre personal | Salguero, Miguel |
| 245 ## - Título propiamente dicho | |
| Título | Volcanes de Costa Rica |
| 260 ## - Pie de imprenta | |
| Lugar de publicación, distribución, etc. | Costa Rica |
| 260 ## - Pie de imprenta | |
| Nombre del editor, distribuidor, etc. | Imprenta Nacional |
| 260 ## - Pie de imprenta | |
| Fecha de publicación, distribución, etc. | 1976 |
| 300 ## - Descripción física | |
| Extensión | 42 páginas |
| 505 ## - Nota de contenido | |
| Nota de contenido | Contiene fotografías |
| 650 ## - Materia general | |
| Temática (materia general) | COSTA RICA |
| 650 ## - Materia general | |
| Temática (materia general) | VOLCANES |
| 650 ## - Materia general | |
| Temática (materia general) | VOLCÁN TURRIALBA |
| 650 ## - Materia general | |
| Temática (materia general) | VOLCÁN IRAZÚ |
| 650 ## - Materia general | |
| Temática (materia general) | VOLCÁN POÁS |
| 650 ## - Materia general | |
| Temática (materia general) | VOLCÁN EL VIEJO |
| 650 ## - Materia general | |
| Temática (materia general) | VOLCÁN MIRAVALLES |
| 650 ## - Materia general | |
| Temática (materia general) | VOLCÁN ARENAL |
| 650 ## - Materia general | |
| Temática (materia general) | VOLCÁN OROSÍ |
| 650 ## - Materia general | |
| Temática (materia general) | VOLCÁN TENORIO |
| 942 ## - Punto de acceso adicional KOHA | |
| Tipo de ítem KOHA | Libro |
| Fuente del sistema de clasificación o colocación | Dewey Decimal Classification |
| Signatura completa | Código de barras | Programa Académico | Tipo de ítem |
|---|---|---|---|
| 551.21 S164v | 1001 | Turismo | Libro |